| 000 | 00582nam a2200229Ia 4500 | ||
|---|---|---|---|
| 005 | 20140403111402.0 | ||
| 008 | 140130s9999 xx 000 0 und d | ||
| 020 | _a9780590442947 | ||
| 020 | _a0590442945 | ||
| 050 |
_aPZ 7 _b.B7633Cls 1972 |
||
| 100 |
_aBridwell, Norman _923197 |
||
| 245 |
_cBridwell, Norman _aClifford the small red puppy / |
||
| 260 |
_bScholastic, _c1972. _aU.S.A : |
||
| 300 |
_a28 p. : _bcol. ill. ; _c21 cm. |
||
| 440 |
_v1 _930981 |
||
| 521 | _aG2 | ||
| 526 | _c330 | ||
| 942 |
_cBK _2lcc |
||
| 999 |
_c40154 _d40154 |
||